Giáo trình nhiên liệu dầu mỡ : dùng trong các trường THCN
Đã lưu trong:
| Hovedforfatter: | |
|---|---|
| Format: | Bog |
| Sprog: | Undetermined |
| Udgivet: |
Hà Nội
Nhà xuất bản Hà Nội
2005
|
| Fag: | |
| Tags: |
Tilføj Tag
Ingen Tags, Vær først til at tagge denne postø!
|
| Thư viện lưu trữ: | Trung tâm Học liệu Trường Đại học Cần Thơ |
|---|
| LEADER | 00660nam a2200205Ia 4500 | ||
|---|---|---|---|
| 001 | CTU_118007 | ||
| 008 | 210402s9999 xx 000 0 und d | ||
| 082 | |a 665.53 | ||
| 082 | |b Tr309 | ||
| 100 | |a Trần, Văn Triệu | ||
| 245 | 0 | |a Giáo trình nhiên liệu dầu mỡ : | |
| 245 | 0 | |b dùng trong các trường THCN | |
| 245 | 0 | |c Trần Văn Triệu, Nguyễn Đài Lê | |
| 260 | |a Hà Nội | ||
| 260 | |b Nhà xuất bản Hà Nội | ||
| 260 | |c 2005 | ||
| 650 | |a Petroleum,Petroleum | ||
| 650 | |x Industry and trade,Refining | ||
| 904 | |i Hiếu | ||
| 980 | |a Trung tâm Học liệu Trường Đại học Cần Thơ | ||